Port state control : διπλωματική εργασία
Saved in:
| Main Author: | |
|---|---|
| Corporate Author: | |
| Other Authors: | |
| Format: | Thesis Book |
| Language: | Greek |
| Published: |
2008.
|
| Subjects: | |
| Online Access: | http://hdl.handle.net/11610/13137 |
| Tags: |
Add Tag
No Tags, Be the first to tag this record!
|
MARC
| LEADER | 00000cam a2200000 i 4500 | ||
|---|---|---|---|
| 001 | 1/102106 | ||
| 008 | 090304s2008 gre d | ||
| 035 | |l 10103527 | ||
| 040 | |a GR-MY-UA |b gre |e aacr | ||
| 041 | 0 | |a gre | |
| 082 | 0 | |a 343.096 |2 (22) | |
| 100 | 1 | |a Αργυράκης, Ιωάννης. | |
| 245 | 1 | 0 | |a Port state control : |b διπλωματική εργασία / |c Αργυράκης Ιωάννης ; επιβλέπων Σιούσιουρας Πέτρος. |
| 260 | |c 2008. | ||
| 300 | |a 277 σ. : |b έγχρ. εικ., πίν. ; |c 30 εκ. | ||
| 502 | |a Διατριβή (μεταπτυχιακή) – Πανεπιστήμιο Αιγαίου, Χίος, 2008. | ||
| 504 | |a Περιλαμβάνει βιβλιογραφία. | ||
| 650 | 0 | 0 | |a Harbors |x Law and legislation. |
| 650 | 0 | 0 | |a Law of the sea. |
| 650 | 0 | 0 | |a Maritime law. |
| 650 | 0 | 0 | |a Dissertations, Academic |z Greece. |
| 700 | 1 | |a Σιούσιουρας, Πέτρος Π. |e edt | |
| 710 | 1 | |a Πανεπιστήμιο Αιγαίου |b Σχολή Επιστημών της Διοίκησης |b Τμήμα Ναυτιλίας και Επιχειρηματικών Υπηρεσιών |b Πρόγραμμα Μεταπτυχιακών Σπουδών "Ναυτιλία, Μεταφορές και Διεθνές Εμπόριο - ΝΑ.Μ.Ε.". | |
| 852 | |a INST |b CHIOS |c DIATR |e 20090304 |h 343.096 ΑΡΓ |p 005200029209 |q 005200029209 |t MTXE |y 23 | ||
| 852 | |a INST |b CHIOS |c DIATR |e 20090304 |h 343.096 ΑΡΓ |p 005200029210 |q 005200029210 |t MTXE |y 23 | ||
| 856 | |u http://hdl.handle.net/11610/13137 | ||
| 901 | |a BIBL2-2009-1 | ||
| 909 | |a Χ |b 146891 | ||
| 909 | |a Χ |b 146892 | ||
| 924 | |a ΑΡΓΥΡΑΚΗΣ |b ΙΩΑΝΝΗΣ |y ΧΙΟΣ |z 2008-11 | ||
| 970 | |a ΒΑΣΙΛΑΚΗ |b ΝΙΚΗ |z 2009/03/04 | ||